01165nam a2200241 i 4500003000900000005001700009007000300026008004100029020001800070040003000088082001300118111012500131245027100256264005500527300005700582336002700639337003300666338002800699700004700727700005200774700004900826700004800875DO-SdBNP20240611153926.0ta240611b2023 dr ao | |||| 00| 0 spa d a9789945926118 aDO-SdBNPbspacBNPHUerda 4222bS471 aSeminario Internacional "Migración laboral en América Latina y el Caribe"c(Santo Domingo, República Dominicana :)00aSemblanzas de estudiantes dominicanos del Instituto Tecnológico y de Estudios Superiores de Monterrey, México :b1963-1977 /ccoordinadores Fernando Núñez Mota, Horacio Ramírez Almánzar, Barón Victoria Marchena ; colaboración Luis José Prieto Nouel 1aSanto Domingo :b[editor no identificado], c2023. a198 páginasbilustraciones, fotografíasc28 cm.  2rdacontentatextobtxt 2rdamediaasin mediaciónbn 2rdacarrieravolumenbnc1 aNúñez Mota, Fernando ecoordinadores 1 aRamírez Almánzar, Horacio ecoordinadores 1 a Victoria Marchena, Barónecoordinadores 1 aPrieto Nouel, Luis José ecolaboración